جدید اصول تنقید/ (Record no. 108974)

MARC details
000 -LEADER
fixed length control field 00822nam a22002537a 4500
005 - DATE AND TIME OF LATEST TRANSACTION
control field 20170123162347.0
010 ## - LIBRARY OF CONGRESS CONTROL NUMBER
LC control number B-029427
020 ## - INTERNATIONAL STANDARD BOOK NUMBER
Terms of availability 300.00
International Standard Book Number 8187666064
037 ## - SOURCE OF ACQUISITION
Source of stock number/acquisition Cen Lib/Ret
Stock number B-029427
040 ## - CATALOGING SOURCE
Original cataloging agency DPL
Language of cataloging UR
082 ## - DEWEY DECIMAL CLASSIFICATION NUMBER
Classification number 841.08
Edition number ا ر ش
100 ## - MAIN ENTRY--PERSONAL NAME
Personal name ارشاد علی خاں
9 (RLIN) 517
245 ## - TITLE STATEMENT
Title جدید اصول تنقید/
Statement of responsibility, etc ارشاد علی خاں
246 ## - VARYING FORM OF TITLE
Title proper/short title Jadeed asool-e- tanqeed/
Remainder of title by Irshaad Ali Khan
260 ## - PUBLICATION, DISTRIBUTION, ETC. (IMPRINT)
Place of publication, distribution, etc دہلی
Name of publisher, distributor, etc کتابی دنیا
Date of publication, distribution, etc 2001
270 ## - ADDRESS
City دہلی
300 ## - PHYSICAL DESCRIPTION
Extent 495p.
Dimensions 21cm(Hb)
650 ## - SUBJECT ADDED ENTRY--TOPICAL TERM
Topical term or geographic name as entry element اردو ادب
9 (RLIN) 134217
650 ## - SUBJECT ADDED ENTRY--TOPICAL TERM
Topical term or geographic name as entry element تنقید --اردو شا عری
9 (RLIN) 134218
650 ## - SUBJECT ADDED ENTRY--TOPICAL TERM
Topical term or geographic name as entry element Urdu literature
9 (RLIN) 134219
650 ## - SUBJECT ADDED ENTRY--TOPICAL TERM
Form subdivision
Topical term or geographic name as entry element Urdu -- Poetry-- Criticism
9 (RLIN) 107865
700 ## - ADDED ENTRY--PERSONAL NAME
Personal name
9 (RLIN) 134220
942 ## - ADDED ENTRY ELEMENTS (KOHA)
Source of classification or shelving scheme Dewey Decimal Classification
Koha item type Urdu Bks
Classification part 841.08
Call number suffix ا ر ش
Holdings
Withdrawn status Lost status Damaged status Not for loan Home library Current library Date acquired Source of acquisition Cost, normal purchase price Total Checkouts Full call number Barcode Date last seen Date checked out Copy number Cost, replacement price Price effective from Koha item type Public note
        Central Library Central Library 16/02/2016 Cen Lib/Ref 300.00 1 841.08 ا ر ش B-029427 02/01/2019 27/12/2018 1 300.00 16/02/2016 Urdu Bks 1

© Delhi Public Library
Hit Counter
free hit counter